Materials and Logistics Management / (Record no. 1105)
[ view plain ]
| 000 -LEADER | |
|---|---|
| Fixed length control field | 00487nam a2200181 4500 |
| 003 - CONTROL NUMBER IDENTIFIER | |
| Control field | SEACOMMC |
| 005 - DATE AND TIME OF LATEST TRANSACTION | |
| Control field | 20250505153937.0 |
| 008 - FIXED-LENGTH DATA ELEMENTS--GENERAL INFORMATION | |
| Fixed length control field | 250225b |||||||| |||| 00| 0 eng d |
| 020 ## - INTERNATIONAL STANDARD BOOK NUMBER / ISBN | |
| International Standard Book Number | 81-766-4020-2. |
| Price | Rs.230.00 |
| 040 ## - CATALOGING SOURCE | |
| Original cataloging agency | SEACOMMC |
| 082 ## - DEWEY DECIMAL CLASSIFICATION NUMBER | |
| Classification number | 658.7 |
| Book Number | J 59 |
| 100 ## - MAIN ENTRY--PERSONAL NAME | |
| Personal name | Jhamb, L. C |
| 245 1# - TITLE STATEMENT | |
| Title | Materials and Logistics Management / |
| Statement of responsibility | L. C. Jhamb |
| 250 ## - EDITION STATEMENT | |
| Edition statement | 10th ed. |
| 260 ## - IMPRINT | |
| Place of publication | Pune |
| Name of publisher | Everest Publishing House |
| Date of publication | 2008 |
| 650 ## - SUBJECT ADDED ENTRY--TOPICAL TERM | |
| Topical term | Logistics Management |
| 942 ## - ADDED ENTRY ELEMENTS (KOHA) | |
| Koha item type | Books |
| Withdrawn status | Lost status | Source of classification | Damaged status | Not for loan | Home library | Current library | Shelving location | Date acquired | Total Checkouts | Call number | Accession number | Date last seen | Price effective from | Koha item type | Copy number |
|---|---|---|---|---|---|---|---|---|---|---|---|---|---|---|---|
| Dewey Decimal Classification | SEACOM MANAGEMENT COLLEGE | SEACOM MANAGEMENT COLLEGE | Reference | 28/02/2009 | 658.7 J 59 | M-2288 | 25/02/2025 | 25/02/2025 | Reference Books | ||||||
| Dewey Decimal Classification | SEACOM MANAGEMENT COLLEGE | SEACOM MANAGEMENT COLLEGE | 28/02/2009 | 658.7 J 59 | M-2289 | 25/02/2025 | 25/02/2025 | Books | 1 | ||||||
| Dewey Decimal Classification | SEACOM MANAGEMENT COLLEGE | SEACOM MANAGEMENT COLLEGE | 28/02/2009 | 658.7 J 59 | M-2290 | 25/02/2025 | 25/02/2025 | Books | 2 | ||||||
| Dewey Decimal Classification | SEACOM MANAGEMENT COLLEGE | SEACOM MANAGEMENT COLLEGE | 28/02/2009 | 658.7 J 59 | M-2291 | 25/02/2025 | 25/02/2025 | Books | 3 |
